Statistics for Taylor Swift 68

Click here to take the quiz!

General Stats

  • This quiz has been taken 9 times
    (5 since last reset)
  • The average score is 251 of 342

Answer Stats

Answer% Correct
a
100%
an
100%
and
100%
are
100%
I
100%
love
100%
my
100%
you
100%
your
100%
22
80%
about
80%
all
80%
at
80%
be
80%
but
80%
can
80%
can't
80%
do
80%
down
80%
drink
80%
for
80%
from
80%
go
80%
got
80%
had
80%
have
80%
her
80%
how
80%
if
80%
I'll
80%
I'm
80%
in
80%
is
80%
it
80%
it's
80%
I've
80%
know
80%
like
80%
me
80%
much
80%
new
80%
night
80%
nothing
80%
of
80%
on
80%
out
80%
red
80%
say
80%
she
80%
she's
80%
the
80%
then
80%
they
80%
think
80%
this
80%
time
80%
to
80%
too
80%
up
80%
we
80%
what
80%
when
80%
who
80%
will
80%
with
80%
you're
80%
17
60%
18
60%
been
60%
breaking
60%
cry
60%
did
60%
everything
60%
feel
60%
gonna
60%
growing
60%
happy
60%
kind
60%
map
60%
middle
60%
moving
60%
myself
60%
once
60%
only
60%
person
60%
radiance
60%
sad
60%
she'll
60%
sleep
60%
still
60%
tonight
60%
wake
60%
want
60%
way
60%
wonder
60%
actually
40%
affection
40%
attention
40%
become
40%
blame
40%
cheeks
40%
criticize
40%
crying
40%
cute
40%
dream
40%
drive
40%
eyes
40%
faking
40%
fever
40%
fly
40%
fun
40%
girls
40%
hunt
40%
ingenue
40%
lights
40%
long
40%
looks
40%
lord
40%
lose
40%
lost
40%
meet
40%
miss
40%
novelty
40%
ones
40%
roll
40%
room
40%
shoot
40%
sigh
40%
sky
40%
slay
40%
smiles
40%
soaring
40%
someday
40%
tell
40%
they'll
40%
through
40%
tired
40%
turning
40%
young
40%
youth
40%
biding
20%
else
20%
people
20%
someone
20%
'til
20%

Score Distribution

Percentile by Number Answered

Percent of People with Each Score

Your Score History

You have not taken this quiz since the last reset